Anagrama de times de futebol aleatórios - Statistics

Estatísticas Gerais
  • Esse quiz foi jogado 508 vezes
  • A pontuação média é 5 de 9
Estatísticas das Respostas
Hint Resposta % Correto
sgp psg
99%
acosv vasco
99%
aajx ajax
98%
ailmn milan
90%
ooprt porto
90%
ejnstuuv juventus
88%
abfgoot botafogo
87%
aabhi bahia
80%
ceiorruz cruzeiro
78%
aceehls chelsea
77%
acmnoo monaco
77%
anosst santos
73%
aabcelnor barcelona
72%
eefilmnnsu fluminense
68%
aacer ceará
66%
aefglmno flamengo
66%
abiorssu borussia
58%
egimor gremio
54%
aaeilmprs palmeiras
54%
aehmnottt tottenham
54%
acceehimnrstty manchester city
51%
ailnop napoli
51%
eillooprv liverpool
48%
abcefin benfica
47%
aaloopsu sao paulo
39%
abenry bayern
38%
acdeeehimnnrsttu manchester united
29%
aaddeilmrr real madrid
25%
achiinnorst corinthians
22%
abciiort coritiba
22%
acehilott athletico
12%
aaceiilnnnort internacional
10%
Nenhum quiz correspondente encontrado
Distribuição das Pontuações
Porcentagem de Pessoas com Cada Pontuação
Percentil de Números Respondidos
Sua Pontuação Histórica
Você não jogou esse quiz